La Question d'Orient : chroniques de Londres 1877-1878

Αποθηκεύτηκε σε:
Λεπτομέρειες βιβλιογραφικής εγγραφής
Κύριος συγγραφέας: Queiroz, Jose Maria d'Eca de
Άλλοι συγγραφείς: Pailler, Jean (Μεταφραστής)
Μορφή: Βιβλίο
Γλώσσα:French
Δημοσίευση: Paris : Ed. L'Harmattan, 1994
Θέματα:
Ετικέτες: Προσθήκη ετικέτας
Δεν υπάρχουν, Καταχωρήστε ετικέτα πρώτοι!

MARC

LEADER 00000nam a2200000 i 4500
001 1/77701
008 080318s1994 fre d
020 |a 2-7384-2876-2 
035 |l 10095548 
040 |a GR-MY-UA  |b gre  |e aacr 
041 0 |a fre 
082 0 |a 956  |2 (22) 
100 1 |a Queiroz, Jose Maria d'Eca de. 
245 1 3 |a La Question d'Orient :  |b chroniques de Londres 1877-1878 /  |c J.M. d' Eca de Queiroz ; extraits traduits et presentes par Jean Pailler 
260 |a Paris :   |b Ed. L'Harmattan,   |c 1994 
300 |a 93 σ.;  |c 22 εκ. 
504 |a Βιβλιογραφία: σ. 92 
650 0 0 |a Russo-Turkish War  |y 1877-1878. 
650 0 0 |a Russo-Turkish War  |y 1736-1739. 
650 0 0 |a Eastern question (Balkan) 
651 0 |a Balkan Peninsula  |x History  |y 19th century. 
700 1 |a Pailler, Jean.  |4 trl 
852 |a INST  |b LESVOS  |e 20080318  |h 956 QUE  |p 005100038741  |q 005100038741  |t BK  |y 0 
901 |a BIBL1-2008-1 
909 |a Λ  |b 145732 
922 |a 1ΕΛΗ  |b 200801  |c ΕΠΕΑΕΚ2/ΤΚΑ  |d ΕΛΕΥΘΕΡΟΥΔΑΚΗΣ 
970 |a ΓΙΑΛΑΜΑ  |b ΜΑΡΙΑ  |z 2008/03/18